Vanessa vai à luta (Registo nº 1444)

Detalhes MARC
000 -Etiqueta do registo
Cabeçalho 00703nam0a2200253 4500
005 - Identificador da versão
Campo de controlo 20240813121836.0
010 ## - Número internacional normalizado dos livros (ISBN)
Número (ISBN) 9789720727107
021 ## - Número do Depósito Legal
Código do país PT
Número 376888/14
100 ## - Dados gerais de processamento
Dados gerais de processamento 20150306d2014 m y0pory5003 ba
102 ## - Pais de publicação ou produção
País de publicação Portugal
101 0# - Língua de publicação
Língua do texto, banda sonora, etc. Português
215 ## - Descrição física 
Indicação específica da natureza do documento e extensão da espécie 124 p.
Outras indicações físicas il. color
200 1# - Titulo e menção de responsabilidade
Título próprio Vanessa vai à luta
Primeira menção de responsabilidade Luísa Costa Gomes
225 2# - Colecção 
Título próprio da colecção Educação literária
210 ## - Publicação, Distribuição, etc. 
Lugar da edição, distribuição, etc. Porto
Nome do editor, distribuidor, etc. Porto ed
Data da publicação, distribuição, etc. 2014
300 ## - Notas gerais 
Texto da nota Metas Curriculares
606 ## - Nome comum usado como assunto
Número de registo de entrada de autoridade 0002049
Palavra de ordem Literatura portuguesa
Subdivisão de assunto Teatro
Código do sistema CA
675 ## - Classificação Decimal Universal (CDU)
Notação 821.134.3-2
Edição 3ª ed,
Língua da edição por
700 #1 - Nome de autor-pessoa física (responsabilidade principal)
Número de registo de entrada de autoridade 0002027
Palavra de ordem Gomes
Outra parte do nome não tomada para palavra de ordem Luísa Costa
Datas 1954-
966 ## - Identificação da Biblioteca
Sigla EB2,3ENM
942 ## - Elementos de entrada adicionados (Koha)
Tipo de item no Koha Livro
Exemplares
Situação do levantamento Origin of item (home branch) (coded) Biblioteca de empréstimo Código de barras Cota Circulation type (not for loan) Tipo de documento Nota do exemplar Damaged status
  Biblioteca Escolar Eng. Nuno Mergulhão Biblioteca Escolar Eng. Nuno Mergulhão BENM3517 82LP-2 GOM MET   Livro Sem mensagem